Phân loại tài liệu áp dụng khung phân loại thập phân Dewey ( DDC )

Nôi dung tài liệu giới thiệu phương pháp phân loại tài liệu, khung phân loại thập phân Dewey. Cung cấp những kiến thức đầy đủ, cần thiết, cập nhật về phương pháp phân loại tài liệu và kỹ năng thành thạo sử dụng DDC trong hoạt động thư vie...

Πλήρης περιγραφή

Αποθηκεύτηκε σε:
Λεπτομέρειες βιβλιογραφικής εγγραφής
Κύριος συγγραφέας: Ngô, Ngọc Chi
Μορφή: Βιβλίο
Γλώσσα:Undetermined
Έκδοση: Hà Nội Thông tin Truyền thông 2009
Θέματα:
Ετικέτες: Προσθήκη ετικέτας
Δεν υπάρχουν, Καταχωρήστε ετικέτα πρώτοι!
Thư viện lưu trữ: Trung tâm Học liệu Trường Đại học Cần Thơ
LEADER 01041nam a2200205Ia 4500
001 CTU_148664
008 210402s9999 xx 000 0 und d
020 |c 32000 
082 |a 025.431 
082 |b Ch300 
100 |a Ngô, Ngọc Chi 
245 0 |a Phân loại tài liệu áp dụng khung phân loại thập phân Dewey ( DDC ) 
245 0 |c Ngô Ngọc Chi 
260 |a Hà Nội 
260 |b Thông tin Truyền thông 
260 |c 2009 
520 |a Nôi dung tài liệu giới thiệu phương pháp phân loại tài liệu, khung phân loại thập phân Dewey. Cung cấp những kiến thức đầy đủ, cần thiết, cập nhật về phương pháp phân loại tài liệu và kỹ năng thành thạo sử dụng DDC trong hoạt động thư viện ở Việt Nam 
650 |a Classification, Dewey decimal,Bảng phân loại thập phân Dewey 
904 |i Qhieu 
980 |a Trung tâm Học liệu Trường Đại học Cần Thơ